000 00216nam a2200097Ia 4500
008 170619s9999 xx 000 0 und d
100 _aSaxena- Taruna
245 0 _aEnterpreneuship
260 _bMeerut J P N
260 _c2006
546 _aENGLISH
999 _c22206
_d22206